000 01027nam a2200229Ia 4500
001 L242-13976
003 IT-CnALBA
008 170116s9999||||xx |||||||||||||| ||und||
040 _aIT-CnALBA
_cIT-CnALBA
041 _aITALIANO
100 _aJOURNET CHARLES, CARDINALE
245 0 _aLE SETTE PAROLE DI CRISTO IN CROCE.
250 _a1a ed.
260 _aCINISELLO BALSAMO (MI)
_bEDIZIONI PAOLINE
_c1953 [1° Ed.: - Ed.Ling.Originale: 1951]
300 _a232 p. (prefazione: 7)
500 _aPAROLE DEL VERBO. PADRE, PERDONA LORO... OGGI SARAI CON ME IN PARADISO. ECCO TUA MADRE. MIO DIO, MIO DIO... HO SETE. TUTTO È COMPIUTO. NELLE TUE MANI...
501 _aSocietà San Paolo EM - Piazza San Paolo, 14 - 12051 ALBA (CN) (non commercial uses only) ® Copyright 2017
520 _aPAROLE DEL VERBO. PADRE, PERDONA LORO... OGGI SARAI CON ME IN PARADISO. ECCO TUA MADRE. MIO DIO, MIO DIO... HO SETE. TUTTO È COMPIUTO. NELLE TUE MANI...
650 _aMEDITAZIONI E PREGHIERA
942 _cBK
957 _71
999 _a18728
_bNO
_g Copie: 1
_c273151
_d273151